Biodiversos.
Saved in:
| Hovedforfatter: | |
|---|---|
| Andre forfattere: | |
| Format: | Ukendt |
| Udgivet: |
Barcelona, España:
Galaxia Gutenberg,
2016.
|
| Udgivelse: | Primera edición. |
| Fag: | |
| Tags: |
Tilføj Tag
Ingen Tags, Vær først til at tagge denne postø!
|
MARC
| LEADER | 00000 a2200000 4500 | ||
|---|---|---|---|
| 003 | CL-VaPUC | ||
| 005 | 20221103165001.0 | ||
| 008 | 221025t2016 ||||| |||| 00| 0 eng d | ||
| 999 | |c 438810 |d 438808 | ||
| 020 | |a 9788416734177 | ||
| 040 | |c Pontificia Universidad Católica de Valparaíso | ||
| 082 | 7 | |a 304.2 MAN 2016 |2 22 | |
| 100 | |a Mancuso, Stefano |9 876775 |e autor | ||
| 245 | |a Biodiversos. | ||
| 250 | |a Primera edición. | ||
| 260 | |a Barcelona, España: |b Galaxia Gutenberg, |c 2016. | ||
| 300 | |a 92 páginas. | ||
| 583 | |k GC |c 20221025 | ||
| 650 | |a Biodiversidad |9 878015 | ||
| 650 | |a Ecología de la vida |9 878016 | ||
| 700 | |a Petrini, Carlo |e autor |9 877905 | ||
| 942 | |2 ddc |c BK | ||
| 952 | |0 0 |1 0 |2 ddc |4 0 |6 304_200000000000000_MAN_2016 |7 0 |8 A |9 587460 |a BIBTEO |b BIBTEO |c GEN |d 2022-10-24 |e 3 |g 13608.00 |i 5655346 |l 1 |m 2 |o 304.2 MAN 2016 |p 5655346 |r 2025-01-17 |s 2023-09-22 |t 1 |v 13608.00 |w 2022-10-24 |y BK |k ICR | ||